000 00785nam a2200205Ia 4500
001 5064
003 GE_BSU
008 181216s||||||||xx |||||||||||||| ||und||
040 _cGE_BSU
080 _a624.82
100 _aУлицкий,И.И. Чжан чжун-яо, Голышев,А.Б.
245 _aРасчет железобетонных конструкции с учетом длительных процессов.
245 _cРед. Л.Неменко.
260 _aКиев.
260 _bГосстройиздат.
260 _c1960.
300 _a494 стр. 22 см. Заключение, приложение.
653 _aРасчет железобетонных конструкции с учетом длительных процессов.
942 _cBK
999 _c38747
_d38747